00565nam a2200181Ia 4500008004100000020001800041050001400059100002300073245002600096245002600122260001500148260002300163260000900186300001400195300002500209300001000234650013900244180207s9999 xx 000 0 und d a978068812349x bS634 1993 aSlobodkina, Esphyr 4aThe wonderful feast / cby Esphyr Slobodkina. aNew York : bGreenwillow Books, c1993 aunpaged : bcolor illustration ; c18cm. aSummary : Farmer Jones feeds his horse a wonderful feast, and from what is left a number of other animals also have a wonderful feast.